000 00645nam a2200253 a 4500
001 14318
003 BD-JhCC
005 20250303103421.0
008 250302b19962018e a|||| ||a| 001 0 eng d
020 _a9780241339282
035 _a(BD-JhCC)14318
040 _aBD-JhCC
_dBD-JhCC
041 _aenglish
082 _a808.83
_bJAC 2018
100 _a Jackson,Shirley
245 _aThe Missing Girl /
_cShirley Jackson.
260 _aNew York:
_bPenguin Books;
_c2018.
300 _a64 p. :
_c16 cm.
490 _aPenguin Modern: 20
500 _aPenguin Modern: 20
650 _aEnglish Short stories
942 _2ddc
_cBK
999 _c14318
_d14318